| 000 | 00000nam##2200000za#4500 |
| 001 | 9.643421 |
| 003 | CaOODSP |
| 005 | 20220901164805 |
| 007 | cr ||||||||||| |
| 008 | 150407|2009||||xxc|||||o f|0| 0 fre|d |
| 040 | |aCaOODSP|bfre |
| 043 | |an-cn--- |
| 086 | 1 |aJ2-398/2009F-PDF |
| 110 | 1 |aCanada.|bJustice Canada. |
| 245 | 13|aLa pension alimentaire rétroactive au profit des enfants : |h[ressource électronique]|bavantages et inconvénients / |cpréparé par Shelley Kierstead. |
| 260 | |aOttawa - Ontario : |bJustice Canada |cMars 2009. |
| 300 | |a20p.|bréférences |
| 590 | |a14-13-Supp|b2014-06-23 |
| 691 | 07|aDroit de la famille|2gcpds |
| 691 | 07|aPension alimentaire|2gcpds |
| 775 | 08|tRetroactive child support : |w(CaOODSP)9.699445 |
| 856 | 40|ahttp://publications.gc.ca|qPDF|s108 Ko|uhttps://publications.gc.ca/collections/collection_2014/jus/J2-398-2009-fra.pdf |